Препроводительная записка Лорис-Меликова М. Т. о представлении Александру III фотографических карточек террористов Тригони, Т. М...

RUSMARC
00006209nac2a22004093x 450
001567482e2-6763-4b75-b9e9-963cdc5ef8af
00520240723145718.0
100##$a20240716l1881 k y0rusy50 ca
1010#$arus
102##$aRU
105##$ay z |||||
1220#$ad18810313
2001#$aПрепроводительная записка Лорис-Меликова М. Т. о представлении Александру III фотографических карточек террористов Тригони, Т. Михайлова, Рысакова, Софьи Перовской, Геси Гельфман и неизвестного
$j13.03.1881
215##$a1 лист
$d32,4 х 22,5
251##$cДело
300##$aРукописный текст
300##$aЗаголовок дела на папке: Препроводительная записка Лорис-Меликова, М. Т. о представлении Александру III фотографических карточек террористов Тригони, Т. Михайлова, Рысакова, Софьи Перовской, Геси Гельфман и неизвестного
325##$aЗамикрофильмировано
330##$aВходит в раздел описи: Материалы, относящиеся к деятельности Лорис-Меликова М. Т. в Верховной Распорядительной Комиссии
461#0$1001cda3d175-ae4a-411a-8dea-9cc20fb178f6
$12001
$aЛорис-Меликов Михаил Тариелович, граф, министр внутренних дел, главный начальник "верховной распорядительной комиссии по охранению государственного порядка и общественного спокойствия", генерал от кавалерии
$1251
$cФонд
$1852
$j569
462#0$1001163e060a-d7cc-404d-90ee-e28c9801971b
$12001
$aОпись дел фонда М. Т. Лорис-Меликова за 1858-1915 гг.
$vД. 100
$1251
$cОпись
$1852
$j1
5171#$aПрепроводительная записка Лорис-Меликова, М. Т. о представлении Александру III фотографических карточек террористов Тригони, Т. Михайлова, Рысакова, Софьи Перовской, Геси Гельфман и неизвестного
600#0$aАлександр
$dIII
600#1$aТригоня
600#1$aМихайлов
$bТ.
600#1$aРысаков
600#1$aПеровская
$bС.
$gСофья
600#1$aГельфман
$bГ.
$gГеся
600#1$aЛорис-Меликов
$bМ. Т.
$gМихаил Тариелович
605##$3DITM\AF\0000002775
$aВласть
$lколлекция
$2acquisition_prlib
6101#$aПрепроводительная записка
$aФотографические карточки
$aТеррористы
686##$a63.3(2)535-332ю1
$cИстория
$2rubbk
686##$a67.400.6ю1
$cПраво
$2rubbk
700#1$aЛорис-Меликов
$bМ. Т.
$gМихаил Тариелович
801#0$aRU
$bGA_RF
801#1$aRU
$bГлавНИВЦ
$c20240716
$2rusmarc
801#2$aRU
$bПБ им. Б.Н. Ельцина
$c20240723
$gRCR
$2rusmarc
852##$aГА РФ
$j100
937##$d193080529
$hГАРФ
035##$aRuPRLIB51076798
856##$uhttp://readingroom.main.prlib.ru/item.aspx?id_node=n193080529&mode=full
Формат отображения